| 000 | 00691nam a2200289Ia 4500 | ||
|---|---|---|---|
| 005 | 20260324143256.0 | ||
| 008 | 008 260324s9999 xx 000 0 eng d | ||
| 020 | _a9781003587958 | ||
| 037 | _aEBOOK | ||
| 040 | _aCRL | ||
| 040 | _beng | ||
| 040 | _cCRL | ||
| 041 | _2eng | ||
| 041 | _aeng | ||
| 084 | _qCRL | ||
| 100 |
_aHarold Heller; Peter Edwards _91215050 |
||
| 245 | 0 | _aPolicy and Power in Education | |
| 245 | 4 | _bThe Rise and Fall of the LEA | |
| 260 | _bTaylor and Francis | ||
| 260 | _c1992 | ||
| 365 | _a | ||
| 365 | _b145 | ||
| 856 | _uhttp://www.taylorfrancis.com/books/9781003587958 | ||
| 942 | _cEBOOK | ||
| 999 |
_c1820225 _d1820225 |
||